El aura

El aura muestra la insólita aventura de Esteban, un hombre taciturno y reservado, que trabaja de taxidermista y se entretiene fantaseando sobre crímenes perfectos y atracos milimétricamente planificados pero que nunca se anima a concretar.

Guardado en:
Autor Principal: Bielinsky, Fabián.
Autor Corporativo: Patagonik Film Group.
Otros Autores: Darín, Ricardo; Reparto., Fonzi, Dolores; Reparto., Awada, Alejandro; Reparto., Cedrón, Pablo; Reparto., Biscayart, Nahuel Pérez; Reparto., D'Elia, Jorge; Reparto., Reyno, Walter; Reparto.
Formato: Deslizar
Idioma:Undetermined
Publicado: Argentina : Buena Vista International, 2005.
Materias:
Etiquetas: Agregar Etiqueta
Sin Etiquetas, Sea el primero en etiquetar este registro!
LEADER 01207ngm a22002775a 4500
001 CEM.cems020184
008 230608s2005####xx#---############vlund#d
005 20230608212837.0
245 1 0 |a El aura  |h [videograbación] /  |c Fabián Bielinsky. 
260 |a Argentina :  |b Buena Vista International,  |c 2005. 
300 |a 138'. 
520 |a El aura muestra la insólita aventura de Esteban, un hombre taciturno y reservado, que trabaja de taxidermista y se entretiene fantaseando sobre crímenes perfectos y atracos milimétricamente planificados pero que nunca se anima a concretar. 
590 |a Identificación anterior: 66 
538 |a Soporte: DVD -- Formato: DVD – Peso: 4.11gb -- Resolución: 720 x 480 -- 29.97fps 
100 1 |a Bielinsky, Fabián. 
700 1 |a Darín, Ricardo; Reparto. 
700 1 |a Fonzi, Dolores; Reparto. 
700 1 |a Awada, Alejandro; Reparto. 
700 1 |a Cedrón, Pablo; Reparto. 
700 1 |a Biscayart, Nahuel Pérez; Reparto. 
700 1 |a D'Elia, Jorge; Reparto. 
700 1 |a Reyno, Walter; Reparto. 
710 2 |a Patagonik Film Group. 
653 |a LARGOMETRAJE 
653 |a FICCIÓN 
859 |a CEMS  |b BIB. CEMS - Depto. Recursos Didacticos  |h 778.5  |i BIE  |k DRD  |p 3024.23  |t Ej.1